| 000 | 03921nam0a2200373 4500 | ||
|---|---|---|---|
| 001 | RU\NLR\BIBL_A\016269646 | ||
| 005 | 20230323160415.0 | ||
| 010 |
_a978-5-907561-77-9 _9500 |
||
| 021 |
_aRU _bКН-П-22-090233 _9КН-П-22-8023 |
||
| 035 | _a(NLR Aleph) 016269646 | ||
| 035 | _a(RuMoRGB)011488806 | ||
| 090 |
_a12881900 _c12881900 |
||
| 100 | _a20230126d2022 k y0rusy50 ca | ||
| 101 | 0 | _arus | |
| 102 | _aRU | ||
| 105 | _aa z 100zy | ||
| 181 | 0 |
_ai3 _baxxe |
|
| 182 | 0 | _an | |
| 200 | 1 |
_aСоциально-психологические проблемы современной семьи: ценность материнства и детства _eсборник материалов X Всероссийской научно-практической конференции студентов, аспирантов и молодых ученых с международным участием (Армавир, 30 сентября 2022 г.) _fФедеральное государственное бюджетное образовательное учреждение высшего образования "Армавирский государственный педагогический университет", Научно-учебная лаборатория "Личностно-развивающий ресурс семьи и детства", Краснодарское региональное отделение Федерации психологов образования России _gредакционная коллегия: Ткаченко Ирина Валериевна, главный редактор, д-р психол. наук, профессор |
|
| 203 |
_aТекст _bвизуальный _cнепосредственный |
||
| 210 |
_aЧебоксары _cСреда _d2022 |
||
| 215 |
_a295 с. _cил. _d21 |
||
| 320 | _aБиблиогр. в конце докл. | ||
| 330 | _aВ сборнике представлены статьи участников X Всероссийской научно-практической конференции студентов, аспирантов и молодых ученых с международным участием, посвященные актуальным вопросам социально-психологических проблем современной семьи. Приведены результаты теоретических и прикладных изысканий представителей научного и образовательного сообщества в области психологии и педагогики | ||
| 606 | 1 |
_aСемья и брак _xСоциально-психологические исследования _jСъезды, совещания и т.п _2nlr_sh1 _2nlr_sh2 _3RU\NLR\AUTH\661250120 |
|
| 686 | 1 | _aС550.53я431 | |
| 702 | 1 |
_aТкаченко _bИ. В. _cд-р психол. наук _f1972- _gИрина Валериевна _3RU\NLR\AUTH\7767873 _4340 |
|
| 711 | 1 | 2 |
_a"Социально-психологические проблемы современной семьи: ценность материнства и детства", всероссийская научно-практическая конференция студентов, аспирантов и молодых ученых с международным участием _d10 _f2022 _eАрмавир _3RU\NLR\AUTH\880583780 |
| 712 | 0 | 2 |
_aАрмавирский государственный педагогический университет _bНаучно-учебная лаборатория "Личностно-развивающий ресурс семьи и детства" _3RU\NLR\AUTH\880573675 _4570 |
| 942 | _cBOOK | ||
| 980 | _aNB | ||